000 00838cam a2200277 4500
001 M2002
008 090401t1995 xxu||||| |||| 00| 0 eng d
035 _a(Sirsi) u35956
041 _aeng
050 _a306.13
110 _aCoopers and Lybrand
_92441
245 _aPrivate renting at the crossroads : an economic analysis of rent determination in the private rented sector in England.
260 _aLondon
_bCoopers & Lybrand
_c1995
300 _aca.100p. ; 30p.
350 _a25
520 _aResearch commissioned by the Department of the Environment.
650 _aDEPARTMENT OF THE ENVIRONMENT
650 _aHOUSING BENEFIT
650 _aPRIVATE RENTED SECTOR
650 _aRENT DETERMINATION
650 _aSUPPLY AND DEMAND
650 _aYIELDS
690 _aHOUSING-FINANCE
942 _n0
948 _c04/03/1997
999 _c90166
_d90166